Online
Catalog

Dramaturgia de Iberescena : (Record no. 49647)

MARC details
000 -CABECERA
campo de control de longitud fija 02121nam a22004097a 4500
003 - IDENTIFICADOR DEL NÚMERO DE CONTROL
campo de control OSt
005 - FECHA Y HORA DE LA ÚLTIMA TRANSACCIÓN
campo de control 20240228141132.0
008 - DATOS DE LONGITUD FIJA--INFORMACIÓN GENERAL
campo de control de longitud fija 100322s2012 mx 000 0 spa d
020 ## - NÚMERO INTERNACIONAL ESTÁNDAR DEL LIBRO
Número Internacional Estándar del Libro 9786078092376
040 ## - FUENTE DE LA CATALOGACIÓN
Centro catalogador/agencia de origen DO-SdBNP
Lengua de catalogación spa
Centro/agencia transcriptor BNPHU
082 ## - NÚMERO DE LA CLASIFICACIÓN DECIMAL DEWEY
Número de clasificación xxxx
Número de documento/Ítem xxxx
245 00 - MENCIÓN DE TÍTULO
Título Dramaturgia de Iberescena :
Resto del título antología /
Mención de responsabilidad, etc. Beatriz Catani...[et al] ; prólogo Jaime Chabaud ; presentación Alegría Martínez
260 ## - PUBLICACIÓN, DISTRIBUCIÓN, ETC.
Lugar de publicación, distribución, etc. Churubusco-Coyoacán, México :
Nombre del editor, distribuidor, etc. Agencia Española de Cooperación Internacional para el Desarrollo,
-- Fondo de Ayudas ara las Artes Escénicas Iberoamericanas.
Fecha de publicación, distribución, etc. 2012.
300 ## - DESCRIPCIÓN FÍSICA
Extensión 435 p. :
Dimensiones 21 cm.
490 ## - MENCIÓN DE SERIE
Mención de serie Dramaturgia ;
-- Paso de gato ;
505 ## - NOTA DE CONTENIDO CON FORMATO
Título Prólogo --
Mención de responsabilidad Jaime Chabaud /
Título Presentación --
Mención de responsabilidad Alegría Martínez /
Título Proyecto distancias --
Mención de responsabilidad Beatriz Catani y Óscar Cornago /
Título La dama de los evangelios --
Mención de responsabilidad Elisa Lucas /
Título Medusa --
Mención de responsabilidad Ximena Carrera /
Título Ponocho y Frankenstein le tienen miedo a Harrison Ford --
Mención de responsabilidad Fabio Rubiano /
Título Vacío --
Mención de responsabilidad Roxana Ávila y Ailyn Morera /
Título Kay-Pacha --
Mención de responsabilidad Juan Francisco Moreno Montenegro /
Título Los cuerpos perdidos --
Mención de responsabilidad José Manuel Mora /
Título ¿Qué entiendes tú por amor? --
Mención de responsabilidad Berta Hiriart /
Título Dulce sueño, Agú Dadá --
Mención de responsabilidad Maritza Kirchhausen /
Título A la espera --
Mención de responsabilidad Elizabeth Ovalle /
Título Shangau --
Mención de responsabilidad Gabriel Peveroni /
590 ## - NOTA LOCAL (RLIN)
Nota local Inventariado, 2021/ YL
590 ## - NOTA LOCAL (RLIN)
Nota local La biblioteca posee un (1) ejemplar autografiado por el autor.
700 12 - PUNTO DE ACCESO ADICIONAL--NOMBRE DE PERSONA
Nombre de persona Chabaud, Jaime
9 (RLIN) 78203
Término indicativo de función/relación prol.
700 12 - PUNTO DE ACCESO ADICIONAL--NOMBRE DE PERSONA
Nombre de persona Martínez, Alegría
9 (RLIN) 73181
Término indicativo de función/relación pres.
700 12 - PUNTO DE ACCESO ADICIONAL--NOMBRE DE PERSONA
Nombre de persona Catani, Beatriz
9 (RLIN) 26932
700 12 - PUNTO DE ACCESO ADICIONAL--NOMBRE DE PERSONA
Nombre de persona Cornago, Óscar
9 (RLIN) 78204
700 12 - PUNTO DE ACCESO ADICIONAL--NOMBRE DE PERSONA
Nombre de persona Pichardo, José Adolfo,
Fechas asociadas al nombre 1964-
9 (RLIN) 26369
700 12 - PUNTO DE ACCESO ADICIONAL--NOMBRE DE PERSONA
Nombre de persona Carrera, Ximena
9 (RLIN) 1538
700 12 - PUNTO DE ACCESO ADICIONAL--NOMBRE DE PERSONA
Nombre de persona Rubiano, Fabio
9 (RLIN) 78211
700 12 - PUNTO DE ACCESO ADICIONAL--NOMBRE DE PERSONA
Nombre de persona Ávila, Roxana
9 (RLIN) 78212
700 12 - PUNTO DE ACCESO ADICIONAL--NOMBRE DE PERSONA
Nombre de persona Morera, Ailyn
9 (RLIN) 78213
700 12 - PUNTO DE ACCESO ADICIONAL--NOMBRE DE PERSONA
Nombre de persona Moreno Montenegro, Juan Francisco
9 (RLIN) 78214
700 12 - PUNTO DE ACCESO ADICIONAL--NOMBRE DE PERSONA
Nombre de persona Mora, José Manuel
9 (RLIN) 78215
700 12 - PUNTO DE ACCESO ADICIONAL--NOMBRE DE PERSONA
Nombre de persona Hiriart, Berta
9 (RLIN) 78216
700 12 - PUNTO DE ACCESO ADICIONAL--NOMBRE DE PERSONA
Nombre de persona Kirchhausen, Maritza
9 (RLIN) 78217
700 12 - PUNTO DE ACCESO ADICIONAL--NOMBRE DE PERSONA
Nombre de persona Ovalle, Elizabeth
9 (RLIN) 73181
700 12 - PUNTO DE ACCESO ADICIONAL--NOMBRE DE PERSONA
Nombre de persona Peveroni, Gabriel
9 (RLIN) 78218
830 ## - PUNTO DE ACCESO ADICIONAL DE SERIE-TÍTULO UNIFORME
Título uniforme Dramaturgia
Nombre de parte o sección de la obra Paso de gato
9 (RLIN) 78219
910 ## - DATOS DE OPCIÓN DEL USUARIO (OCLC)
Datos de opción del usuario YLOCKWARD
942 ## - ELEMENTOS DE PUNTO DE ACCESO ADICIONAL (KOHA)
Fuente del sistema de clasificación o colocación Dewey Decimal Classification
Tipo de ítem Koha Libro
Holdings
Estado de retiro Estado de pérdida Fuente del sistema de clasificación o colocación No para préstamo Código de colección Localización permanente Ubicación/localización actual Ubicación en estantería Fecha de adquisición Fuente de adquisición Total de préstamos Signatura topográfica completa Código de barras Fecha visto por última vez Precio válido a partir de Tipo de ítem Koha Número de copia
    Dewey Decimal Classification Excluido de préstamo Monografías: Libros y Folletos Biblioteca Nacional Pedro Henríquez Ureña Biblioteca Nacional Pedro Henríquez Ureña En catalogación 26.01.2021 Elizabeth Ovalle   xxxx xxxx 2021-1084 22.03.2021 22.03.2021 Libro  
    Dewey Decimal Classification Excluido de préstamo Monografías: Libros y Folletos Biblioteca Nacional Pedro Henríquez Ureña Biblioteca Nacional Pedro Henríquez Ureña En catalogación 26.01.2021 Elizabeth Ovalle   xxxx xxxx 2021-1085 22.03.2021 22.03.2021 Libro e. 2

Powered by Koha